Biblioteca

Culto cristiano y escrituras hinduistas (Registro nro. 69958)

Detalles MARC
000 -LÍDER
Campo fijo de descripción fija 01335nab a2200229 i 4500
001 - NÚMERO DE CONTROL
Campo de control 768714001
003 - IDENTIFICADOR DEL NÚMERO DE CONTROL
Campo de control CO-MdFUSB
005 - FECHA Y HORA DE LA ULTIMA TRANSACCIÓN
control field 20240528120116.0
008 - ELEMENTOS DE LONGITUD FIJA -- INFORMACIÓN GENERAL
Campo fijo de descripción fija -- Información general 240528t1975 sp ||||| |||| 00| 0 spa d
040 ## - FUENTE DE CATALOGACIÓN
Idioma de catalogación spa
Agencia que realiza la transcripción CO-MdFUSB
Agencia que realiza la modificación CO-MdFUSB
041 ## - CÓDIGO DE IDIOMA
Código de idioma para texto/pista de sonido o título separado spa
100 ## - ASIENTO PRINCIPAL--NOMBRE PERSONAL
Nombre personal Dhavamony, Mariasusai,
Fechas asociadas con el nombre 1925-
Término relacionador autor
245 ## - TÍTULO
Título Culto cristiano y escrituras hinduistas
Mención de responsabilidad / Mariasusai Dhavamony ; traducido por Jesús valiente Malla
520 ## - NOTA DE RESUMEN, ETC.
Nota de sumario, etc. Los textos que han sido reconocidos por los hinduistas como pertenecientes a sus escrituras sagradas, en los que se contiene la divina «revelación» primaria, son los cuatro Samhitās (colecciones de himnos y fórmulas), los Brāhmaņas (textos sacrificiales), los Aranyakas (<«tratados del bosque»), los Upanishads (tratados místicos) y el Bhagavadgītā. <br/>Este artículo trata sobre las escritura hinduistas y la actitud de los hinduistas ante estas escrituras.
650 #0 - ASIENTO SECUNDARIO DE MATERIA - TERMINO TEMÁTICO
Término temático o nombre geográfico como elemento de entrada Cristianismo y otras religiones
Subdivisión general Hinduismo.
9 (RLIN) 1248
650 #7 - ASIENTO SECUNDARIO DE MATERIA - TERMINO TEMÁTICO
Término temático o nombre geográfico como elemento de entrada Religiones
9 (RLIN) 386
650 #7 - ASIENTO SECUNDARIO DE MATERIA - TERMINO TEMÁTICO
Término temático o nombre geográfico como elemento de entrada Liturgia
9 (RLIN) 206
700 ## - ENTR. SECUNDARIA - Nombre Personal (R)
Nombre de persona Valiente Malla, Jesús,
Término indicativo de función traductor
773 0# - ASIENTO DE ITEM FUENTE
Biblionumber 49450
Itemnumber 82693
Otro identificador del ítem R2602
Título Revista internacional de teología Concilium
Número de control del registro (CO-MdFUSB)8
Número Internacional Normalizado para Publicaciones Seriadas (ISSN) 0210-1041
Parte(s) relacionada(s) / Volumen., número. (mes año), páginas Volumen 112, (febrero, 1975) páginas: 167 - 183
Enumeración y primera página página: 167
942 ## - TIPO DE MATERIAL (KOHA)
Tipo de Item KOHA Artículos de Revista
945 ## - INFORMACIÓN LOCAL DEL REGISTRO
Catalogador Catherine Arias Álvarez - Practicante SENA

No hay ítems disponibles.

Biblioteca FUSBC | Teléfono: (57+4) 349 88 10 Ext. 141| WhatsApp (+57) 3005338115 
E-mail: biblioteca@unisbc.edu.co | Calle 76 87-14 Robledo Palenque, Medellín, Colombia

Con tecnología Koha